Daňová povinnosť k dani z nehnuteľností a vyplnenie daňového priznania

Daňové priznanie k dani z nehnuteľností sa podáva za nehnuteľnosti vo vlastníctve fyzických alebo právnických osôb jedenkrát ročne a to v lehote do 31. januára príslušného zdaňovacieho obdobia. Prehľad množstva zásad s názornými vzormi vyplnenia daňového priznania.

Gespeichert in:
Bibliographische Detailangaben
1. Verfasser: Harušťáková, Iveta
Format: Buchkapitel
Sprache:Slowakisch
Schlagworte:
Tags: Tag hinzufügen
Keine Tags, Fügen Sie das erste Tag hinzu!

MARC

LEADER 00000naa a2200000 4500
001 r044352
005 20231003085342.7
041 0 |a slo 
044 |a SK 
245 1 0 |a Daňová povinnosť k dani z nehnuteľností a vyplnenie daňového priznania  |c Iveta Harušťáková 
520 |a Daňové priznanie k dani z nehnuteľností sa podáva za nehnuteľnosti vo vlastníctve fyzických alebo právnických osôb jedenkrát ročne a to v lehote do 31. januára príslušného zdaňovacieho obdobia. Prehľad množstva zásad s názornými vzormi vyplnenia daňového priznania. 
610 2 0 |a priznania daňové 
610 2 0 |a dane z nehnuteľností 
610 2 0 |a povinnosť daňová 
610 2 0 |a pozemky 
610 2 0 |a stavby 
610 2 0 |a byty 
610 2 0 |a vlastníctvo 
610 2 0 |a daňovníci 
100 1 |a Harušťáková, Iveta